Biological evolution / (Record no. 16918)

MARC details
000 -LEADER
fixed length control field 00847nam a22002297a 4500
008 - FIXED-LENGTH DATA ELEMENTS--GENERAL INFORMATION
fixed length control field 081020t xxu||||| |||| 00| 0 eng d
010 ## - LCCN (DPL NO)
LC control number ENG-91387
020 ## - INTERNATIONAL STANDARD BOOK NUMBER
Terms of availability 125.00
035 ## - SYSTEM CONTROL NUMBER
System control number EN-74920
037 ## - SOURCE OF ACQUISITION
Source of stock number/acquisition DBAD / PUB
040 ## - CATALOGING SOURCE
Original cataloging agency dpl
Language of cataloging English
082 ## - DEWEY DECIMAL CLASSIFICATION NUMBER
Classification number 576.8
100 ## - MAIN ENTRY--PERSONAL NAME
Personal name Bama, S. Sathya
245 ## - TITLE STATEMENT
Title Biological evolution /
Statement of responsibility, etc by S. Sathya Bama
260 ## - PUBLICATION, DISTRIBUTION, ETC. (IMPRINT)
Place of publication, distribution, etc Chennai
Name of publisher, distributor, etc The PARKAR Publications
Date of publication, distribution, etc 2008
270 ## - ADDRESS
Address 293, Ahamed Complex, 2nd Floor, Royapettah High Raod, Royapettah,
City Chennai
Postal code 6000014
300 ## - PHYSICAL DESCRIPTION
Extent 104p.
Dimensions 21cm (pbk)
500 ## - GENERAL NOTE
General note Includes glossary
650 ## - SUBJECT ADDED ENTRY--TOPICAL TERM
Topical term or geographic name as entry element Evolution (Biology)
942 ## - ADDED ENTRY ELEMENTS (KOHA)
Source of classification or shelving scheme Dewey Decimal Classification
Item type English Books
Call number suffix BAM
Classification part 576.8
Holdings
Withdrawn status Lost status Source of classification or shelving scheme Damaged status Not for loan Collection code Home library Current library Date acquired Source of acquisition Cost, normal purchase price Total Checkouts Full call number Barcode Date last seen Copy number Cost, replacement price Koha item type
    Dewey Decimal Classification   Not For Loan Non-fiction D.B.Act.Division D.B.Act.Division 20/10/2008 DBAD / PUB 125.00   576.8 BAM EN-74920 20/10/2008 1 125.00 English Books

© Delhi Public Library
Hit Counter
free hit counter